| 000 | 00889nam a22002297a 4500 | ||
|---|---|---|---|
| 003 | BUBTL | ||
| 008 | 231017b ||||| |||| 00| 0 eng d | ||
| 020 | _a8177560425 | ||
| 041 | _aben | ||
| 082 | _a491.44/ B4697b/ 2000 | ||
| 100 |
_95545 _aভট্টাচার্য, সুভাষ |
||
| 245 |
_aবাঙালির ভাষা / _cসুভাষ ভট্টাচার্য |
||
| 250 | _a1st ed. | ||
| 260 |
_aকলকাতা : _bআনন্দ পাবলিশার্স প্রাইভেট লিমিটেড, _cc2000 |
||
| 300 |
_a259 p. : _c22.5 cm |
||
| 500 | _aIncludes Index | ||
| 505 | _aবাংলা ভাষা, বাঙালির ভাষা, সুভাষ ভট্টাচার্য | ||
| 650 | 0 |
_95139 _aবাংলা ভাষা |
|
| 856 |
_k0 _l0 _yDownload |
||
| 942 |
_2ddc _cBK |
||
| 999 |
_c7119 _d7119 |
||